Normal view MARC view
  • University of Birmingham

Entry Corporate Name

Number of records used in: 1

001 - CONTROL NUMBER

  • control field: 6177

003 - CONTROL NUMBER IDENTIFIER

  • control field: OSt

005 - DATE AND TIME OF LATEST TRANSACTION

  • control field: 20190806150250.0

008 - FIXED-LENGTH DATA ELEMENTS

  • fixed length control field: 160204n| acannaabn |n ana d

040 ## - CATALOGING SOURCE

  • Original cataloging agency: OSt
  • Transcribing agency: OSt

110 ## - HEADING--CORPORATE NAME

  • Corporate name or jurisdiction name as entry element: University of Birmingham
  • Subordinate unit: Digital Construction Research Centre

670 ## - SOURCE DATA FOUND

  • Source citation: Housing, 2015